Research priority setting in agriculture: The Kerala perspective (Record no. 44234)

MARC details
000 -LEADER
fixed length control field 00341nam a2200109Ia 4500
082 ## - DEWEY DECIMAL CLASSIFICATION NUMBER
Classification number 338.43.01(548.3)
Item number SAT
100 ## - MAIN ENTRY--AUTHOR NAME
Personal name Satheesh Babu, K
245 #0 - TITLE STATEMENT
Title Research priority setting in agriculture: The Kerala perspective
260 ## - PUBLICATION, DISTRIBUTION, ETC. (IMPRINT)
Place of publication Trichur
Name of publisher Kerala Agricultural University
Year of publication 2006
942 ## - ADDED ENTRY ELEMENTS (KOHA)
Koha item type Books
Holdings
Withdrawn status Lost status Damaged status Not for loan Home library Current library Date acquired Source of acquisition Full call number Accession Number Koha item type
        RRII Library RRII Library 16/12/2021 Gift 338.43.01(548.3) SAT G00981 Books